Qui sont ces médaillés aux Jeux Olympiques 2024 ? - Nouveaux Sports - Statistiques

Statistiques générales
  • Ce quiz a été pris 12 fois
  • Le résultat moyen est 8 sur 16
Statistiques - réponses
Par images Hint Réponse % Correct
France - Breaking Dany Dann
100%
France - Surf Kauli Vaast
100%
France - Surf Johanne Defay
67%
Pologne - Escalade Aleksandra Miroslaw
56%
Japon - Breaking Ami
56%
Brésil - Surf Gabriel Medina
56%
Slovénie - Escalade Janja Garnbret
44%
Lituanie - Breaking Nicka
44%
Canada - Breaking Phil Wizard
44%
États Unis - Escalade Sam Watson
44%
Australie - Skateboard Arisa Trew
33%
États Unis - Surf Caroline Marks
33%
Japon - Skateboard Coco Yoshizawa
33%
États Unis - Skateboard Jagger Eaton
33%
Royaume Uni - Escalade Toby Roberts
33%
Indonésie - Escalade Veddriq Leonardo
11%
Aucun quiz correspondant
Distribution des résultats
% des personnes avec chaque résultat
Percentile par nombre de réponses
Votre historique - résultats
Vous n’avez pas pris ce quiz